| 000 | 00612nam a22001697a 4500 | ||
|---|---|---|---|
| 008 | 260610t2009 -usa|||g f||| 00| 0 eng d | ||
| 020 | _a9781936214006 | ||
| 040 |
_aUniversiti Teknologi Brunei _beng _cUTB |
||
| 084 | _aHD57 ORR 2009 | ||
| 100 | 1 |
_aOrrell, Lisa , _eAuthor |
|
| 245 | 1 | 0 |
_aMillennials Into Leadership / _bLisa Orrell. |
| 260 |
_aUnited States : _bIntelligent Women Publishing, _c 2009 |
||
| 300 |
_a168 pages : _billustrations ; _c22 cm |
||
| 650 | 4 | _aLeadership in Business and Industries | |
| 942 |
_2lc _cGC _n0 |
||
| 998 |
_eBook _s851168 : 018775(H) UTB _xDonated by Nur Batrisya Hj Ramli |
||
| 999 |
_c24254 _d24254 |
||